|
|
|
|
| LEADER |
01446nam a2200337 a 4500 |
| 001 |
28419 |
| 003 |
BD-DhAAL |
| 005 |
20140920132328.0 |
| 008 |
140920t20142006bg b 000 1 eng |
| 020 |
|
|
|a 9843215656
|
| 020 |
|
|
|a 9847002003483
|
| 040 |
|
|
|a DLC
|c DLC
|d DLC
|d BD-DhAAL
|
| 041 |
|
|
|a eng
|
| 050 |
0 |
0 |
|a PR6029.R8
|b A63 1990b
|
| 082 |
0 |
0 |
|a 823/.912
|2 20
|
| 100 |
1 |
|
|a Orwell, George,
|d 1903-1950.
|9 5608
|
| 245 |
1 |
0 |
|a Animal farm :
|b a fairy story /
|c by George Orwell ; with an introduction and notes by Tuhin Mukherjee.
|
| 260 |
|
|
|a Dhaka :
|b Friends' Book Corner,
|c 2006 [reprinted 2011, 2014].
|
| 300 |
|
|
|a 146 p.
|c 18 cm.
|
| 504 |
|
|
|a Includes bibliographical references.
|
| 541 |
|
|
|e 28419
|
| 650 |
|
0 |
|a Domestic animals
|x Fiction.
|9 5609
|
| 650 |
|
0 |
|a Totalitarianism
|x Fiction.
|9 5610
|
| 655 |
|
7 |
|a Political fiction.
|2 lcsh
|9 5611
|
| 655 |
|
7 |
|a Satire.
|2 lcsh
|9 5612
|
| 655 |
|
7 |
|a Fables.
|2 gsafd
|9 5613
|
| 700 |
1 |
|
|a Mukherjee, Tuhin.
|9 5614
|
| 942 |
|
|
|2 ddc
|c BK
|
| 999 |
|
|
|c 32920
|d 32920
|
| 952 |
|
|
|0 0
|1 0
|2 ddc
|4 0
|6 823_912000000000000_ORW
|7 0
|9 43827
|a BRACUL
|b BRACUL
|c GEN
|d 2014-09-20
|e Friends book corner
|g 198.00
|l 8
|m 23
|o 823.912 ORW
|p 3010028419
|q 2026-05-21
|r 2026-05-07
|s 2026-05-07
|t 1
|w 2014-09-20
|y BK
|x Koha Inventory 2020
|
| 952 |
|
|
|0 0
|1 0
|2 ddc
|4 0
|6 823_912000000000000_ORW
|7 0
|9 43828
|a BRACUL
|b BRACUL
|c GEN
|d 2014-09-20
|e Friends book corner
|g 50.00
|l 6
|m 82
|o 823.912 ORW
|p 3010028420
|r 2026-03-02
|s 2025-08-27
|t 2
|w 2014-09-20
|y BK
|x Koha Inventory 2020
|